000 00310nam a2200121Ia 4500
005 20251222155150.0
008 251222s9999||||xx |||||||||||||| ||spa||
082 _aSOC.50
100 _aZAUZICH,María Christine.
245 0 _aPerú política de población y derechos humanos
264 _bMinsa
942 _cLIB
999 _c39540
_d39540